| 000 | 00346nam a2200145Ia 4500 | ||
|---|---|---|---|
| 008 | 191201s2004 xx 000 0 und d | ||
| 082 |
_a677.022 _bGRW |
||
| 100 | _aGROSICKI, Z J | ||
| 245 | 0 | _aAdvanced Textile Design | |
| 250 | _a4th | ||
| 260 |
_aN.Delhi _bWoodhead Publisher _c2004 |
||
| 300 | _a387 | ||
| 650 | _aB.Tech(TE) | ||
| 942 |
_2ddc _cBK |
||
| 999 |
_c3404 _d3404 |
||